Statistics for Europe Map with 8 Extra Borders #2

Click here to take the quiz!

General Stats

  • This quiz has been taken 2,118 times
  • The average score is 7 of 8

Answers on the Map

Answers color-coded by a green-red scale on the quiz's map according to % correct below.
 

Answer Stats

Country% Correct
Sweden
99%
Ireland
98%
Moldova
96%
Estonia
95%
Slovenia
95%
Greece
93%
Montenegro
93%
Andorra
65%

Score Distribution

Percentile by Number Answered

Percent of People with Each Score

Your Score History

You have not taken this quiz